| 000 | 01966cam a22004574a 4500 | ||
|---|---|---|---|
| 001 | 14955801 | ||
| 005 | 20170105102906.0 | ||
| 008 | 070807s2007 nhua b 001 0deng | ||
| 010 | _a 2007031728 | ||
| 020 | _a9781586421373 | ||
| 020 | _a1586421379 | ||
| 040 |
_aDLC _cDLC _dDLC |
||
| 043 |
_an-us--- _aa-pk--- _aa------ |
||
| 050 | 0 | 0 |
_aE183.8.P18 _bA76 2007 |
| 082 | 0 | 0 |
_a327.7305491 _222 |
| 100 | 1 |
_aArmstrong, David, _d1960- |
|
| 245 | 1 | 0 |
_aAmerica and the Islamic bomb : _bthe deadly compromise / _cDavid Armstrong and Joseph Trento. |
| 250 | _a1st ed. | ||
| 260 |
_aHanover, N.H. : _bSteerforth Press, _cc2007. |
||
| 300 |
_a292 p. : _bill. ; _c24 cm. |
||
| 500 | _a"A project of the National Security News Service." | ||
| 504 | _aIncludes bibliographical references and index. | ||
| 600 | 1 | 0 |
_aKhan, A. Q. _q(Abdul Qadeer), _d1936- |
| 650 | 0 |
_aNuclear weapons _zPakistan _xHistory _y20th century. |
|
| 650 | 0 |
_aTechnology transfer _zIslamic countries. |
|
| 650 | 0 |
_aNuclear nonproliferation _xPolitical aspects. |
|
| 650 | 0 | _aNuclear terrorism. | |
| 651 | 0 |
_aUnited States _xForeign relations _zPakistan. |
|
| 651 | 0 |
_aPakistan _xForeign relations _zUnited States. |
|
| 651 | 0 |
_aUnited States _xForeign relations _y1945-1989. |
|
| 651 | 0 |
_aUnited States _xForeign relations _y1989- |
|
| 651 | 0 |
_aPakistan _xMilitary policy. |
|
| 700 | 1 |
_aTrento, Joseph John, _d1947- |
|
| 856 | 4 | 1 |
_3Table of contents only _uhttp://www.loc.gov/catdir/toc/ecip0724/2007031728.html |
| 856 | 4 | 2 |
_3Publisher description _uhttp://www.loc.gov/catdir/enhancements/fy0740/2007031728-d.html |
| 856 | 4 | 1 |
_3Sample text _uhttp://www.loc.gov/catdir/enhancements/fy0740/2007031728-s.html |
| 856 | 4 | 2 |
_3Contributor biographical information _uhttp://www.loc.gov/catdir/enhancements/fy0740/2007031728-b.html |
| 906 |
_a7 _bcbc _corignew _d1 _eecip _f20 _gy-gencatlg |
||
| 942 |
_2ddc _cBK |
||
| 999 |
_c14859 _d14859 |
||